| 000 | 00702nam a22002177a 4500 | ||
|---|---|---|---|
| 999 |
_c3510 _d3510 |
||
| 003 | AR-CdUCM | ||
| 008 | 190306b ||||| |||| 00| 0 spa d | ||
| 040 |
_aMUNICIPALIDAD PROVINCIAL DEL CUSCO _cBIBLIOTECA MUNICIPAL DEL CUSCO |
||
| 082 |
_a868.6 / _bV181 |
||
| 100 |
_aValle-Inclán, Ramón del _911511 |
||
| 245 |
_aÁguila de blasón : _bComedia bárbara / |
||
| 260 |
_aBuenos aires : _bEspasa-Calpe Argentina, _c1946, |
||
| 300 |
_a147 páginas ; _c18 cm. |
||
| 440 |
_aColección Austral _9172 |
||
| 505 | _aContenido: Narrativa española. | ||
| 650 |
_aTeatro español _9648 |
||
| 650 |
_aPrimera jornada _911526 |
||
| 650 |
_aEscena secundaria _911527 |
||
| 942 |
_2ddc _cLIBROS |
||
| 945 | _adavv | ||